00452nam a22001457a 450000500170000000800410001702000150005804100130007308200130008610000130009924500810011226000560019330000320024965000250028120240123072132.0240123b |||||||| |||| 00| 0 eng d a0409004111 aEnglish  a349 JOU  lEnglish  aThe Law of South Africa : Cumulative Supplement 1988 / cedited by JA Faris  aDurban : bButterworth Publishers (Pty) Ltd, c1988 bxxvi, 943 pages ; c26 cm.  aLegal practice bLaw